Estudio de pre factibilidad para la instalación de una estación de servicios de abastecimiento de combustible en Muelle de los Bueyes, RACCS
Presenta un estudio de pre factibilidad para la implantación de una estación de servicios de abastecimiento de combustible en Muelle de los Bueyes donde se abordaran cada uno de los estudios que involucra el ciclo de vida.
| Main Authors: | , |
|---|---|
| Other Authors: | |
| Format: | Tesis Section = Libro |
| Language: | Undetermined Spanish |
| Published: |
Managua
UNI
2015
|
| Subjects: |
| LEADER | 01132nam a2200265Ia 4500 | ||
|---|---|---|---|
| 008 | 240830s9999 xx 000 0 und d | ||
| 040 | |a BIBLIOTECA-RUSB/ M.Mon 690 R696 | ||
| 041 | |a spa | ||
| 082 | |a M.Mon 690 R696 | ||
| 100 | 1 | |a Rodríguez González, Odily | |
| 100 | 1 | |b Calero Pavón, Alexia | |
| 245 | 1 | 0 | |a Estudio de pre factibilidad para la instalación de una estación de servicios de abastecimiento de combustible en Muelle de los Bueyes, RACCS |
| 260 | |a Managua |b UNI |c 2015 | ||
| 300 | |a 194 p. :il. | ||
| 500 | |a Contiene anexos. | ||
| 502 | |a Tesis (Máster en Gerencia de Proyectos de Desarrollo) - UNI, 2015. | ||
| 520 | 3 | |a Presenta un estudio de pre factibilidad para la implantación de una estación de servicios de abastecimiento de combustible en Muelle de los Bueyes donde se abordaran cada uno de los estudios que involucra el ciclo de vida. | |
| 650 | 7 | |a ESTUDIO DE PREFACTIBILIDAD | |
| 650 | 7 | |b ESTACION DE ABASTECIMIENTO | |
| 650 | 7 | |c ESTUDIO FINANCIERO- COMBUSTIBLE | |
| 650 | 7 | |d IMPACTO AMBIENTAL | |
| 700 | 1 | |a Tutor: |b Rosales, Benjamín | |
| 942 | |c BK |2 ddc | ||
| 991 | |a TESIS | ||
| 999 | |c 19530 | ||